000 00920nam a22002417a 4500
005 20100816162421.0
010 _aENG-100704
020 _a9788184245707
_c1350.00
035 _aEN-84237
037 _bDBAD/PUB
082 _a510
100 _aApplied mathematics (Chennai : 28-29 January 2010)
_914233
245 _aProceeding of the national conference on applied mathematics (NCAM 2010) 28-29 January 2010 /
_cedited by S. Rajasekaran, A. A. Sathakathulla [and] A. Saibulla
260 _aNew Delhi
_bAllied Publishers
_c2010
270 _a1/13-14 Asaf Ali Rod
_bNew Delhi
_e110002
300 _axv, 251 p.
_c28cm (Hb)
500 _aIncludes index
700 _aS. Rajasekaran
_914172
700 _aSathakathulla, A. A.
_914225
700 _aSaibulla, A.
_914226
942 _2ddc
_cEN
_h510
_mPRO
999 _c42248
_d42248